Spôsoby vytvárania finančných rezerv na krytie strát

Salvato in:
Dettagli Bibliografici
Autore principale: Veselovská, Stanislava, 1957-
Natura: Capitolo di libro
Lingua:slovacco
Tags: Aggiungi Tag
Nessun Tag, puoi essere il primo ad aggiungerne!!

MARC

LEADER 00000naa$a2200000$$$4500
001 0062958
005 20240502071722.1
041 0 |a slo 
044 |a SK 
245 1 0 |a Spôsoby vytvárania finančných rezerv na krytie strát  |c Stanislava Veselovská 
100 1 |a Veselovská, Stanislava, 1957-